| 000 | 02109nam a22002297a 4500 | ||
|---|---|---|---|
| 001 | 6717 | ||
| 003 | FISKH | ||
| 005 | 20250604090744.0 | ||
| 008 | 250522b cb ||||| |||| 00| 0 eng d | ||
| 040 |
_aFISKH _bkhr _cFISKH _dFISKH |
||
| 082 | _a495.932321 | ||
| 100 | _aNat, Choun | ||
| 245 |
_aវចនានុក្រមខ្មែរ : _bDictionaire Cambodgien / _cការផ្សាយរបស់ពុទ្ធសាសនបណ្ឌិត្យ |
||
| 260 |
_aភ្នំពេញ : _bពុទ្ធសាសនបណ្ឌិត្យ , _c1967 . |
||
| 300 |
_a1858 pages : _billustrations ; _c21 cm . |
||
| 520 | _aវចនានុក្រមខ្មែរ ដែលបោះពុម្ពផ្សាយដោយវិទ្យាស្ថានពុទ្ធសាសនា គឺជាវត្ថុធាតុភាសាវិជ្ជាដ៏សំខាន់មួយ ដែលមានគោលបំណងថែរក្សា និងផ្សព្វផ្សាយភាសាខ្មែរ ជាពិសេសក្នុងបរិបទនៃការសិក្សាពុទ្ធសាសនា។ វចនានុក្រមនេះ បំពេញតួនាទីជាប្រភពយោងសម្បូរបែបសម្រាប់អ្នកស្រាវជ្រាវ សិស្សានុសិស្ស និងសាធារណជនដែលមានចំណាប់អារម្មណ៍ចំពោះភាសាខ្មែរ និងពាក្យសព្ទពុទ្ធសាសនា។ | ||
| 520 | _aThe Khmer Dictionary published by the Buddhist Institute is a significant linguistic resource aimed at preserving and promoting the Khmer language, especially in the context of Buddhist studies. This dictionary serves as a comprehensive reference for scholars, students, and the general public interested in the Khmer language and its Buddhist terminology. | ||
| 650 | _aវចនានុក្រមខ្មែរ | ||
| 650 | _aKhmer dictionary | ||
| 942 |
_2ddc _cKHB _n0 |
||
| 999 |
_c6717 _d6717 |
||